000 00763nam a2200217 a 4500
999 _c7435
_d7435
001 7435
003 BD-JhCC
005 20180212105710.0
008 171231s1373 bg |||| ||a| 000 0 ben d
035 _a(BD-JhCC)7435
040 _aBD-JhCC
_dBD-JhCC
041 _aben
082 _a079.95492
_bBAN 1373
245 _aবাঙলা একাডেমী পত্রিকা : দশম বর্ষ বৈশাখ-চৈত্র ১৩৭৩ /
_cসৈয়দ আলী আহসান (সম্পদিত)
260 _aঢাকা :
_bবাঙলা একাডেমী,
_c1373.
300 _a142 p. :
_c24 cm.
650 _aNewsPaper
_xPreiodicals
700 _aআহসান, সৈয়দ আলী
942 _2ddc
_cBK